Letter to American workers
Saved in:
| Main Author: | |
|---|---|
| Format: | Book |
| Language: | English Russian |
| Published: |
Moscow :
Progress Publishers,
1966.
|
| Subjects: | |
| Tags: |
Add Tag
No Tags, Be the first to tag this record!
|
MARC
| LEADER | 00000cam a2200000 a 4500 | ||
|---|---|---|---|
| 001 | 1/116924 | ||
| 008 | 180618r1966####ru | ||| |||| ||eng|| | ||
| 040 | |a GR-MyUa |b gre |c GR-MyUa |e AACR2 | ||
| 041 | 1 | |a eng |h rus | |
| 082 | 7 | |a 335.43 |2 (23) | |
| 100 | 1 | |a Lenin, Vladimir Il'ich, |d 1870-1924. | |
| 245 | 1 | 0 | |a Letter to American workers / |c V. I. Lenin. |
| 260 | |a Moscow : |b Progress Publishers, |c 1966. | ||
| 300 | |a 31 σ. ; |c 20 εκ. | ||
| 500 | |a Μετάφραση του: Pisʹmo k amerikanskim rabochim -- "Taken from volume 28 of the English edition of V. I. Lenin's Collected works." | ||
| 650 | 0 | |a Socialism. | |
| 852 | |a INST |b LESVOS |e 20180628 |h 335.43 LEN |p 005100060550 |q 005100060550 |t BK |y 0 | ||
| 970 | |a Τζαφέρη |b Ευαγγελία |z 18-06-2018 | ||